A digest of and index to the reports of cases decided in the Supreme court of the Gold coast colony. [1844-1931] / (Record no. 359)
[ view plain ]
| 000 -LEADER | |
|---|---|
| fixed length control field | 00713cam a22001811 4500 |
| 001 - CONTROL NUMBER | |
| control field | 6902524 |
| 005 - DATE AND TIME OF LATEST TRANSACTION | |
| control field | 20241029192740.0 |
| 008 - FIXED-LENGTH DATA ELEMENTS--GENERAL INFORMATION | |
| fixed length control field | 880405s1935 gh w 000 0 eng |
| 050 00 - LIBRARY OF CONGRESS CALL NUMBER | |
| Classification number | KRX18 / K528 |
| Item number | .G75 1935 / .G4 |
| 100 1# - MAIN ENTRY--PERSONAL NAME | |
| Personal name | Griffith, W. Brandford |
| Fuller form of name | (William Brandford), |
| Titles and words associated with a name | Sir, |
| Dates associated with a name | 1858-1939. |
| 245 12 - TITLE STATEMENT | |
| Title | A digest of and index to the reports of cases decided in the Supreme court of the Gold coast colony. [1844-1931] / |
| Statement of responsibility, etc. | By Sir William Brandford Griffith. |
| 260 ## - PUBLICATION, DISTRIBUTION, ETC. | |
| Place of publication, distribution, etc. | Accra : |
| Name of publisher, distributor, etc. | Printed by the government printer, |
| Date of publication, distribution, etc. | 1935. |
| 300 ## - PHYSICAL DESCRIPTION | |
| Extent | xxvi p., 194 col. ; |
| Dimensions | 25 cm. |
| 500 ## - GENERAL NOTE | |
| General note | In double columns. |
| 650 #0 - SUBJECT ADDED ENTRY--TOPICAL TERM | |
| Topical term or geographic name entry element | Law reports, digests, etc. |
| Geographic subdivision | Ghana. |
| 710 1# - ADDED ENTRY--CORPORATE NAME | |
| Corporate name or jurisdiction name as entry element | Gold Coast. |
| Subordinate unit | Supreme Court. |
| 942 ## - ADDED ENTRY ELEMENTS (KOHA) | |
| Source of classification or shelving scheme | Library of Congress Classification |
| Koha item type | Books |
| Suppress in OPAC | No |
| 999 ## - | |
| -- | 359 |
| -- | 359 |
| Withdrawn status | Lost status | Source of classification or shelving scheme | Damaged status | Not for loan | Collection | Home library | Current library | Shelving location | Date acquired | Total checkouts | Full call number | Barcode | Date last seen | Copy number | Price effective from | Koha item type |
|---|---|---|---|---|---|---|---|---|---|---|---|---|---|---|---|---|
| Library of Congress Classification | Non-fiction | Law Library (Miotso) | Law Library (Miotso) | Reference | 10/29/2024 | K528.G4 GHA | llm00000322 | 10/29/2024 | 1 | 10/29/2024 | Books |